Statistics for 250 Musicians - First names

Click here to take the quiz!

General Stats

  • This quiz has been taken 1,119 times
  • The average score is 156 of 249

Answer Stats

HintAnswer% Correct
Denver | Legend | Mellencamp | OatesJohn
97%
LennonJohn or Julian
97%
FleetwoodMic
97%
Bon JoviJon
96%
JacksonMichael, Joe, Latoya, Jermaine or Janet
95%
Bieber | TimberlakeJustin
94%
Diddy or DaddyP or Puff
94%
KellyR
94%
GreenAl
93%
SmithPatti, Curt, Sam,
93%
Belafonte | Connick, Jr. | StylesHarry
92%
SimonPaul or Carly
92%
HaleyBill
91%
Costello | PresleyElvis
91%
Buble | StipeMichael
91%
Anka | McCartneyPaul
91%
Bowie | CrosbyDavid
90%
JaggerMick
90%
Dayne | SwiftTaylor
90%
MorrisonVan or Jim
90%
SheeranEd
89%
Cent50
88%
WinehouseAmy
88%
HolidayBillie
88%
Corrgan | Idol | Joel | VeraBilly
88%
DiddleyBo
88%
ZappaFrank
88%
SinatraFrank or Nancy
88%
CobainKurt
88%
MercuryFreddie
87%
CroceJim
87%
RhodesNick
87%
PalmerRobert or Bruce
87%
MendesSean
87%
KeysAlicia
86%
Dylan | SegerBob
86%
Nicks | WonderStevie
86%
Harrison | Michael | StraitGeorge
85%
TurnerTina or Ike
85%
Hornsby | SpringsteenBruce
84%
DionCeline
84%
MinajNikki
84%
Brown | HetfieldJames
83%
GrandeAriana
82%
PartonDolly
81%
ClarksonKelly
81%
HoustonWhitney
81%
ClaptonEric
80%
SteffaniGwen
80%
JonesHoward or Tom
80%
CashJohnny
80%
Newton JohnOlivia
80%
Astley | OcasekRick
80%
JamesRick or Etta
80%
Petty | WaitsTom
80%
Mandrell | StreisandBarbara
79%
Miller | WinwoodSteve
79%
GibbAndy or Barry
78%
KravitzLenny
78%
GayeMarvin
78%
OsbourneOzzy
78%
MarsBruno
77%
MartinDean, Chris or Ricky
77%
JoplinJanis
77%
King ColeNat
76%
BaseRob
76%
GomezSelena
76%
LevineAdam
75%
RawlsLou
75%
Diamond | YoungNeil
75%
TylerSteven or Bonnie
75%
Manilow | WhiteBarry
74%
WentzPete
74%
CookeSam
74%
HawkinsScreamin Joe or Sophie
74%
IsaacChris
73%
Cocker | Strummer | WalshJoe
73%
ChristophersonKris
73%
CareyMariah
72%
BenatarPat
72%
PlantRobert
72%
HendrixJimi
71%
IceVanilla
71%
MorrisetteAlanis
70%
UnderwoodCarrie
70%
FitzgeraldElla
70%
Cetera | Frampton | Gabriel | SchillingPeter
70%
ArmstrongLouis
69%
JettJoan
68%
BligeMary
68%
OnoYoko
68%
G | LogginsKenny
67%
BuffetJimmy
66%
TwainShania
66%
Cool JLL
65%
CollinsPhil
65%
StarrRingo
65%
GarfunkelArt
64%
Darin | McFerrinBobby
64%
AbdulPaula
64%
CarpenterKaren or Richard
63%
ReddingOtis
63%
FranklinAretha
62%
LauperCyndi
62%
HenleyDon
62%
BerryChuck
61%
LoveMike or Courtney
61%
CharlesRay
61%
MrazJason
60%
ImbrugliaNatalie
60%
Davis, Jr. | HagarSammy
60%
Rabbit | VedderEddie
59%
JohnElton
59%
WestKanye
59%
PerryKaty
59%
CrowSheryl
59%
ClarkPetula or Dave
58%
RichardsKeith
57%
CheckerChubby
56%
Gahan | MathewsDave
56%
WilsonBrian, Carl or Dennis
55%
ZJay
55%
OsmondDonnie or Marie
54%
Avalon | Lymon | ValliFrankie
54%
LewisJerry Lee or Huey
54%
PavarottiLuciano
54%
StewartRod
54%
CooperAlice
53%
SpearsBrittany
53%
RossDiana
53%
WarwickDionne
53%
EllingtonDuke
53%
SimpsonJessica
53%
LaBellePatti
52%
AdamsBryan or Ryan
50%
Carnes | WildeKim
49%
TormeMel
49%
ClinePatsy
49%
MarxRichard
49%
StevensCat
48%
CarlisleBelinda
46%
RaittBonnie
46%
SimmonsGene
46%
FlackRoberta
45%
GarciaJerry
44%
BasseyCount or Shirley
43%
Gibson | HarryDebbie
43%
SpringfieldDusty
43%
BrooksGarth
43%
ComoPerry
43%
WynetteTammy
43%
SetzerBrian
42%
BacharachBurt
42%
GuthrieArlo or Woody
41%
RoseAxel
41%
KittEartha
41%
NumanGary
40%
Carter CashJune
40%
DomingoPlacido
40%
DolbyThomas
40%
LightfootGordon
39%
BrowneJackson
39%
LoebLisa
39%
TutoneTommy
39%
Trent D'ArbyTerrence
38%
CampbellGlen
36%
CaraIrene
36%
EastonSheena
36%
RedboneLeon
35%
LynnLoretta
35%
LovettLyle
35%
StillsStephen
35%
AppleFiona
34%
GeorgeBoy
33%
KnightGladys
33%
MichellJoni
33%
BuckinghamLindsay
33%
SlickGrace
32%
SledgePercy
32%
ZevonWarren
32%
DanielsCharlie
31%
HallDarryl
31%
HancockHerbie
31%
WatersMuddy
29%
NevilleAaron
28%
AikenClay
28%
HillFaith
28%
GayleCrystal
27%
CohnMarc
27%
RobinsonSmokey
27%
RuckerDarius
25%
TuckerTanya
25%
NashGraham
23%
HornLena
23%
GillVince
23%
LanzaMario
22%
RowlandsKevin
18%
WatleyJody
16%
BlackClint
14%
OrzabelRoland
14%
RuessNate
12%
HolmesRupert
9%
MichaelsonIngrid
8%
WashMartha
8%
BurkeSolomon
8%
ThomasBJ
7%
BellArchie
3%
ChenierClifton
2%

Score Distribution

Percentile by Number Answered

Percent of People with Each Score

Your Score History

You have not taken this quiz